书目信息 |
| 题名: |
普通高中历史课程标准理解与实践
|
|
| 作者: | 范蕴涵 主编 | |
| 分册: | ||
| 出版信息: | 济南 山东科学技术出版社 2020.7 |
|
| 页数: | 189页 | |
| 开本: | 26cm | |
| 丛书名: | ||
| 单 册: | ||
| 中图分类: | G633.513 | |
| 科图分类: | ||
| 主题词: | 中学历史课--课程标准--研究--高中 | |
| 电子资源: | ||
| ISBN: | 978-7-5723-0120-9 | |
| 000 | 00847nam0 2200229 45 | |
| 001 | 012001002462 | |
| 005 | 20140823113704.0 | |
| 010 | @a978-7-5723-0120-9@dCNY52.00 | |
| 100 | @a20210104d2020 em y0chiy0110 ea | |
| 101 | 0 | @achi |
| 102 | @aCN@b370000 | |
| 105 | @aa z 000yy | |
| 106 | @ar | |
| 200 | 1 | @a普通高中历史课程标准理解与实践@Apu tong gao zhong li shi ke cheng biao zhun li jie yu shi jian@f范蕴涵主编 |
| 210 | @a济南@c山东科学技术出版社@d2020.7 | |
| 215 | @a189页@c图@d26cm | |
| 330 | @a本书分为三篇,主要内容包括:对《普通高中历史课程标准(2017年版)》的初步认识、对《普通高中历史课程标准(2017年版)》的进一步认识、必修部分:《中外历史纲要》等。 | |
| 606 | 0 | @a中学历史课@x课程标准@x研究@x高中 |
| 690 | @aG633.513@v5 | |
| 701 | 0 | @a范蕴涵@Afan yun han@4主编 |
| 801 | @aCN@bAHXH@c20210922 | |
| 905 | @b1281973-7@dG633.513@e364@f5 | |
| 普通高中历史课程标准理解与实践/范蕴涵主编.-济南:山东科学技术出版社,2020.7 |
| 189页:图;26cm |
| ISBN 978-7-5723-0120-9:CNY52.00 |
| 本书分为三篇,主要内容包括:对《普通高中历史课程标准(2017年版)》的初步认识、对《普通高中历史课程标准(2017年版)》的进一步认识、必修部分:《中外历史纲要》等。 |
| ● |
| 相关链接 |
|
|
|
|
正题名:普通高中历史课程标准理解与实践
索取号:G633.513/364
 
预约/预借
| 序号 | 登录号 | 条形码 | 馆藏地/架位号 | 状态 | 备注 |
| 1 | 1281973 | 212819734 | 第一样本阅览室/ [索取号:G633.513/364] | 在馆 | |
| 2 | 1281974 | 212819743 | 教育系资料室/ [索取号:G633.513/364] | 在馆 | |
| 3 | 1281975 | 212819752 | 教育系资料室/ [索取号:G633.513/364] | 在馆 | |
| 4 | 1281976 | 212819761 | 第四借阅区/ [索取号:G633.513/364] | 在馆 | |
| 5 | 1281977 | 212819770 | 第四借阅区/ [索取号:G633.513/364] | 在馆 |